| 000 | 01011nam a2200325 4500 | ||
|---|---|---|---|
| 001 | 0000022663 | ||
| 003 | CO-CtgCURN | ||
| 005 | 20250429224120.0 | ||
| 007 | ta | ||
| 008 | 160627s2007 000 0 eng d | ||
| 020 | _a9788478274901 | ||
| 040 |
_aCO-CtgCURN _bspa _ccoctgcurn |
||
| 082 | 0 |
_a370.155 _bF987 |
|
| 100 | 1 | _aFuste, Susanna. | |
| 245 | 1 | 0 |
_aPsicomotricidad y vida cotidiana (0-3 aƱos) / _cSusanna Fuste y Merce Bonastre. |
| 250 | _a1a ed. | ||
| 260 |
_aBarcelona : _bGrao, _c2007. |
||
| 300 | _a127 p. : il., col. | ||
| 336 | _2rdacontent | ||
| 337 |
_2rdamedia _asin mediacion _bn |
||
| 338 |
_2rdacarrier _avolumen _bnc |
||
| 490 | 1 | _aBiblioteca de infantil : 20 | |
| 504 | _aBibliografia (p. 125127) | ||
| 505 | 8 | _aVida cotidiana.--Nuestra experiencia psicomotriz | |
| 650 | 1 | 4 | _aPsicomotricidad infantil. |
| 700 | 1 | _aBonastre, Merce. | |
| 908 | _a160627 | ||
| 942 |
_cBK _h370.155 _iF987 _2ddc |
||
| 999 |
_c39420 _d39420 |
||